| 000 | 00744cab a2200217 4500 | ||
|---|---|---|---|
| 001 | ABS43823 | ||
| 008 | 090401t1990 xxu||||| |||| 00| 0 eng d | ||
| 035 | _a(Sirsi) u43624 | ||
| 041 | _aeng | ||
| 100 | _aCadoux-Hudson, J | ||
| 245 | _aLand registration - dusting off the archives | ||
| 260 | _c1990 | ||
| 350 | _a0 | ||
| 490 |
_aMapping Awareness _v4(9) November 1990, 18-20(3) |
||
| 520 | _aComplains of the problems in gaining access to data for the development of land information systems because of the varying degree of openness of the three land registries of England and Wales, Scotland and Northern Ireland. | ||
| 650 | _aINFORMATION | ||
| 650 | _aHM LAND REGISTRY | ||
| 690 | _aLAND | ||
| 942 | _n0 | ||
| 948 | _c04/03/1997 | ||
| 999 |
_c27799 _d27799 |
||